MARC

LEADER 00000nam0a2200000 4500
001 254288
005 20231101232924.0
035 |a (RuTPU)RU\TPU\book\276729 
090 |a 254288 
100 |a 20140319d1988 k y0rusy50 ca 
101 0 |a rus 
102 |a RU 
105 |a a z 001zy 
200 1 |a Промывка и крепление скважин и охрана окружающей среды  |e сборник научных трудов  |f Всесоюзный научно-исследовательский институт методики и техники разведки (ВИТР) ; под ред. Р. А. Измайловой 
210 |a Ленинград  |c Изд-во ВИТР  |d 1988 
215 |a 124 с.  |c ил. 
320 |a Библиография в конце статей 
606 1 |a Геологоразведочные скважины  |x Бурение  |2 stltpush  |3 (RuTPU)RU\TPU\subj\67782  |9 83448 
610 1 |a крепление 
610 1 |a промывка 
610 1 |a окружающая среда 
610 1 |a охрана 
610 1 |a промывочные жидкости 
610 1 |a тампонажные материалы 
610 1 |a низкие температуры 
610 1 |a поглощение 
610 1 |a борьба 
610 1 |a экономическая эффективность 
675 |a 550.822.7:622.24  |v 3 
702 1 |a Измайлова  |b Р. А.  |4 340 
712 0 2 |a Всесоюзный научно-исследовательский институт методики и техники разведки (ВИТР)  |2 stltpush  |3 (RuTPU)RU\TPU\col\6027 
801 1 |a RU  |b 63413507  |c 20140319 
801 2 |a RU  |b 63413507  |c 20160324  |g RCR 
942 |c BK